000 00811nam a22002417a 4500
003 OSt
005 20251024063436.0
008 251024b |||||||| |||| 00| 0 eng d
020 _a0-325-00880-9
040 _aDWC-Main Lib.
_cOC
082 _aCirc. 428.64 C518b 2006
100 _aCHEN, LINDA
245 _aBalanced literacy for English learners, K-2/
_cLinda Chen
260 _aPortsmouth, NH :
_bHeineman,
_cc2006.
300 _axii, 228 pages :
_bb & w illustrations ;
_c28 cm.
504 _aIndex: pp. 221-228
650 _a1. Bilingualism.
650 _a2. English languag--study and teaching (Primary).
650 _a3. English language--Sutdy and teaching--Foreign speakers.
650 _a4. Language acquisition.
700 _aEUGENIA MORA - FLORES
942 _2ddc
_cBK-CIRC
_hCirc.
_n0
999 _c5113
_d5113